| 000 | 00531cam a2200181 4500 | ||
|---|---|---|---|
| 001 | D8474 | ||
| 008 | 090401t1957 xxu||||| |||| 00| 0 eng d | ||
| 035 | _a(Sirsi) u13328 | ||
| 041 | _aeng | ||
| 050 | _a346.940438 | ||
| 100 | _aRuoff, Theodore Burton Fox | ||
| 245 | 3 | _aAn Englishman looks at the Torrens system (being some provocative essays on the operation of the system after one hundred years) | |
| 260 |
_aSydney _bLaw Book Co _c1957 |
||
| 300 | _aix. 106p. 22cm | ||
| 350 | _a1.25 | ||
| 942 | _n0 | ||
| 948 | _c04/03/1997 | ||
| 999 |
_c87086 _d87086 |
||